000 00642nam a2200217Ia 4500
005 20260429111924.0
008 260429s9999||||xx |||||||||||||| ||und||
020 _a9781032557380
041 _aEnglish
082 _a302.207
_bCRO
100 _aCroucher, Stephen M.
245 0 _aUnderstanding communication research methods :
_ba theoretical and practical approach /
_cStephen M. Croucher
250 _a4th ed.
260 _aNew York :
_bRoutledge,
_c2025.
300 _a333 p.; pbk
650 _a Media studies
650 _a Research methods
650 _aCommunication research
700 _a Cronn-Mills, Daniel
942 _cTB
999 _c51443
_d51443